| 000 -LEADER |
| fixed length control field |
00496 a2200169 4500 |
| 003 - CONTROL NUMBER IDENTIFIER |
| control field |
OSt |
| 005 - DATE AND TIME OF LATEST TRANSACTION |
| control field |
20260402131758.0 |
| 008 - FIXED-LENGTH DATA ELEMENTS--GENERAL INFORMATION |
| fixed length control field |
260402b ||||| |||| 00| 0 eng d |
| 020 ## - INTERNATIONAL STANDARD BOOK NUMBER |
| International Standard Book Number |
9780143064268 |
| 040 ## - CATALOGING SOURCE |
| Transcribing agency |
. |
| 082 ## - DEWEY DECIMAL CLASSIFICATION NUMBER |
| Classification number |
658.11 |
| Item number |
B1443 |
| 100 ## - MAIN ENTRY--PERSONAL NAME |
| 9 (RLIN) |
6726 |
| Personal name |
Bagchi, Subroto |
| 245 ## - TITLE STATEMENT |
| Title |
The High-Performance Entrepreneur: Golden Rules for Success in Today's World / |
| Statement of responsibility, etc. |
Subroto Bagchi |
| 260 ## - PUBLICATION, DISTRIBUTION, ETC. |
| Name of publisher, distributor, etc. |
Penguin Books India Pvt. Ltd, |
| Place of publication, distribution, etc. |
New Delhi : |
| Date of publication, distribution, etc. |
2008. |
| 300 ## - PHYSICAL DESCRIPTION |
| Extent |
x, 244 p. |
| 942 ## - ADDED ENTRY ELEMENTS (KOHA) |
| Source of classification or shelving scheme |
|
| Koha item type |
Books |